Les arrêts du tram 82 de Bruxelles - Statistiques

Statistiques générales
  • Ce quiz a été pris 17 fois
  • Le résultat moyen est 18 sur 38
Statistiques - réponses
commune arrêt % Correct
Saint-Gilles Gare du Midi
93%
Berchem Gare de Berchem
87%
Molenbeek Gare de l'Ouest
87%
Bruxelles-ville Lemonnier
80%
Molenbeek Triangle
73%
Berchem Schweitzer
67%
Molenbeek Cimetière de Molenbeek
60%
Forest Monaco
60%
Saint-Gilles Suède
60%
Forest Wiels
60%
Bruxelles-ville Arts et Métiers
53%
Saint-Gilles Avenue du Roi
53%
Bruxelles-ville Porte d'Anderlecht
53%
Berchem Berchem Shopping
47%
Forest Châtaignes
47%
Forest Neerstalle
47%
Forest Orban
47%
Molenbeek Quatre-Vents
47%
Forest Saint-Denis
47%
Forest Zaman - Forest National
47%
Uccle Carrefour Stalle
40%
Molenbeek Duchesse de Brabant
40%
Forest Forest Centre
40%
Forest Imprimerie
40%
Molenbeek Joseph Baeck
40%
Molenbeek Karreveld
40%
Forest Union
40%
Molenbeek Van Zande
40%
Forest Bempt
33%
Drogenbos Drogenbos Château
33%
Berchem Genot
33%
Forest Max Waller
27%
Molenbeek Mennekens
27%
Berchem Alcyons
20%
Drogenbos Grand'Route
20%
Uccle Merlo
20%
Drogenbos Rodts
13%
Uccle Keyenbempt
7%
Aucun quiz correspondant
Distribution des résultats
% des personnes avec chaque résultat
Percentile par nombre de réponses
Votre historique - résultats
Vous n’avez pas pris ce quiz